| 000 | 00955nam a2200253Ia 4500 | ||
|---|---|---|---|
| 008 | 130821s1998 sp gr spa | ||
| 020 | _a8477382247 | ||
| 040 |
_aCo-BoUCM _bspa |
||
| 041 | 0 | 0 | _aspa |
| 100 | 1 |
_aHernández Hernández, Francisca _9165856 |
|
| 245 | 1 | 0 |
_aManual de museología _cFrancisca Hernández Hernández ; Javier Fernández del Moral, director |
| 260 |
_aMadrid (España) _bEditorial Sintesis _c1998 |
||
| 300 | _a318 páginas | ||
| 490 | 0 | _aBiblioteconomía y Documentación / José López Yepes | |
| 500 | _aProyecto editorial Ciencias de la Información. | ||
| 504 | _aIncluye bibliografía e índice general. | ||
| 650 | 0 | 4 |
_aAdministración de museos _98560 |
| 650 | 0 | 4 |
_aBibliotecología _910049 |
| 650 | 0 | 4 |
_aMuseografía _919970 |
| 650 | 0 | 4 |
_aMuseos _xHistoria _919971 |
| 700 | 1 |
_aFernández del Moral, Javier _edir. _9161099 |
|
| 942 |
_cLIBRO _a1 _e1 _mH557m _2DEWEY _h069.53 |
||
| 999 |
_c63671 _d63671 |
||